Эволюция конструкции резцов для шахтных комбайнов; Горная промышленность; № 2 (20)
| Parent link: | Горная промышленность: научно-технический журнал.— , 1995- № 2 (20).— 2015.— [65 с.] |
|---|---|
| Päätekijä: | |
| Yhteisötekijä: | |
| Muut tekijät: | |
| Yhteenveto: | Заглавие с экрана Показаны эволюция породоразрушающего резца в человеческой истории и его место в современной шахте. Описаны достоинства и недостатки широко применяемых на шахтных комбайнах тангенциальных поворотных резцов. Выявлено перспективное направление совершенствования конструкции резцов. Предложена классификация тангенциальных поворотных резцов, открывающая новый класс резцов лезвийного типа. The article shows the evolution of rock-cutting picks throughout the history of mankind, and their importance for modern underground mines. The authors describe the advantages and shortcomings of forwardattack rotating picks, which are widely used with underground mining machines. The authors show a promising area of pick design perfection and present their classification of forward-attack rotating picks, including a new category of blade-type picks. Режим доступа: по договору с организацией-держателем ресурса |
| Kieli: | venäjä |
| Julkaistu: |
2015
|
| Aiheet: | |
| Linkit: | http://elibrary.ru/item.asp?id=23531661 |
| Aineistotyyppi: | Elektroninen Kirjan osa |
| KOHA link: | https://koha.lib.tpu.ru/cgi-bin/koha/opac-detail.pl?biblionumber=643542 |
MARC
| LEADER | 00000nla0a2200000 4500 | ||
|---|---|---|---|
| 001 | 643542 | ||
| 005 | 20250224164332.0 | ||
| 035 | |a (RuTPU)RU\TPU\network\8537 | ||
| 035 | |a RU\TPU\network\7715 | ||
| 090 | |a 643542 | ||
| 100 | |a 20150915d2015 k||y0rusy50 ca | ||
| 101 | 0 | |a rus | |
| 102 | |a RU | ||
| 135 | |a drcn ---uucaa | ||
| 181 | 0 | |a i | |
| 182 | 0 | |a b | |
| 200 | 1 | |a Эволюция конструкции резцов для шахтных комбайнов |d Evolution of cutting picks for underground mining machinery |f С. А. Прокопенко, В. С. Лудзиш | |
| 203 | |a Текст |c электронный | ||
| 300 | |a Заглавие с экрана | ||
| 320 | |a [Библиогр.: 4 назв.] | ||
| 330 | |a Показаны эволюция породоразрушающего резца в человеческой истории и его место в современной шахте. Описаны достоинства и недостатки широко применяемых на шахтных комбайнах тангенциальных поворотных резцов. Выявлено перспективное направление совершенствования конструкции резцов. Предложена классификация тангенциальных поворотных резцов, открывающая новый класс резцов лезвийного типа. | ||
| 330 | |a The article shows the evolution of rock-cutting picks throughout the history of mankind, and their importance for modern underground mines. The authors describe the advantages and shortcomings of forwardattack rotating picks, which are widely used with underground mining machines. The authors show a promising area of pick design perfection and present their classification of forward-attack rotating picks, including a new category of blade-type picks. | ||
| 333 | |a Режим доступа: по договору с организацией-держателем ресурса | ||
| 337 | |a Adobe Reader | ||
| 461 | |t Горная промышленность |o научно-технический журнал |d 1995- | ||
| 463 | |t № 2 (20) |v [65 с.] |d 2015 | ||
| 510 | 1 | |a Evolution of cutting picks for underground mining machinery |z eng | |
| 610 | 1 | |a электронный ресурс | |
| 610 | 1 | |a труды учёных ТПУ | |
| 610 | 1 | |a резцы | |
| 610 | 1 | |a шахтные комбайны | |
| 610 | 1 | |a шахты | |
| 610 | 1 | |a конструкции | |
| 700 | 1 | |a Прокопенко |b С. А. |c горный инженер, экономист |c профессор Томского политехнического университета, доктор технических наук |f 1959- |g Сергей Артурович |3 (RuTPU)RU\TPU\pers\31770 | |
| 701 | 1 | |a Лудзиш |b В. С. | |
| 712 | 0 | 2 | |a Национальный исследовательский Томский политехнический университет (ТПУ) |b Юргинский технологический институт (филиал) (ЮТИ) |b Кафедра экономики и автоматизироанных систем управления (ЭАСУ) |3 (RuTPU)RU\TPU\col\18900 |
| 801 | 2 | |a RU |b 63413507 |c 20150915 |g RCR | |
| 856 | 4 | |u http://elibrary.ru/item.asp?id=23531661 | |
| 942 | |c CF | ||